Mittelhochdeutsche Minnereden und Minneallegorien der Wiener Handschrift 2796 und der Heidelberger Handschrift Pal. germ. 348, sous la dir. de Michael MAREINER, t. 2, « Von einem Schatz ». Eine mittelhochdeutsche Minneallegorie. Wörterbuch und Reimwörterbuch, Berne-Berlin-Bruxelles-Francfort-New York-Vienne, Lang, 2003 ; 1 vol., 466 p. (Europäische Hochschulschriften. European University Studies. Publications universitaires européennes., 1re sér., Deutsche Sprache und Literatur. Langue et littérature allemandes. German Language and Literature, 1863). ISBN : 3-03910-087-4. Prix : €63,80. (notice n° 1662032)
[ vue normale ]
| 000 -LEADER | |
|---|---|
| fixed length control field | 01029cam a2200145 4500500 |
| 005 - DATE AND TIME OF LATEST TRANSACTION | |
| control field | 20260208031836.0 |
| 041 ## - LANGUAGE CODE | |
| Language code of text/sound track or separate title | fre |
| 042 ## - AUTHENTICATION CODE | |
| Authentication code | dc |
| 100 10 - MAIN ENTRY--PERSONAL NAME | |
| Personal name | Guillaume, Astrid |
| Relator term | author |
| 245 00 - TITLE STATEMENT | |
| Title | Mittelhochdeutsche Minnereden und Minneallegorien der Wiener Handschrift 2796 und der Heidelberger Handschrift Pal. germ. 348, sous la dir. de Michael MAREINER, t. 2, « Von einem Schatz ». Eine mittelhochdeutsche Minneallegorie. Wörterbuch und Reimwörterbuch, Berne-Berlin-Bruxelles-Francfort-New York-Vienne, Lang, 2003 ; 1 vol., 466 p. (Europäische Hochschulschriften. European University Studies. Publications universitaires européennes., 1re sér., Deutsche Sprache und Literatur. Langue et littérature allemandes. German Language and Literature, 1863). ISBN : 3-03910-087-4. Prix : €63,80. |
| 260 ## - PUBLICATION, DISTRIBUTION, ETC. | |
| Date of publication, distribution, etc. | 2005.<br/> |
| 500 ## - GENERAL NOTE | |
| General note | 12 |
| 786 0# - DATA SOURCE ENTRY | |
| Note | Le Moyen Age | CXI | 2 | 2005-09-01 | p. XXXI-XXXI | 0027-2841 |
| 856 41 - ELECTRONIC LOCATION AND ACCESS | |
| Uniform Resource Identifier | <a href="https://shs.cairn.info/revue-le-moyen-age-2005-2-page-XXXI?lang=fr&redirect-ssocas=7080">https://shs.cairn.info/revue-le-moyen-age-2005-2-page-XXXI?lang=fr&redirect-ssocas=7080</a> |
Pas d'exemplaire disponible.




Réseaux sociaux